000 nam a22 a 4500
999 _c445097
_d445097
003 BLK
005 20221203114057.0
008 220217b bu |||||r|||| 00| 0 bu d
020 _a9789543093069
040 _aBLK
041 _aBUL
_cBUL
080 _aБългарска литература
_b821.163.2
_z821.163.2-94
100 _9270449
_aПенев, Пенчо Стоянов
_eпърви автор
139 _aПенев, Пенчо Стоянов
_bП 34
245 _aНагоре по обратния път
_cПенчо Пенев
260 _9219667
_aСофия
_bСветулка 44 АТЕНЕЙ
_c2021
_dСветулка-44
_n978-954-309-
300 _a419 с.
_c22 см
380 _aX
852 _aЦб 312321
_bЦб
942 _cKNG
_n0
_s1
_09
944 _aCR
_c2022-02-17
_kМикаела Микова- Илиева
_l2022-02-17
944 _aED
_c2022-05-11
_kНР